The young man and civil engineering /

Bibliographic Details
Main Author: Swain, George Fillmore, 1857-1931
Format: Book
Language:English
Published: New York : Macmillan Co., 1922.
Series:Vocational series.
Subjects:

MARC

Tag First Indicator Second Indicator Subfields
LEADER 00000cam a2200000 4500
001 in00000043744
005 20151007075004.0
008 720731s1922 nyu 00010 eng u
010 |a  22010488  
035 |a (OCoLC)00368903 
035 |9 AAF2441AM 
040 |c DRB  |d TXA  |d UtOrBLW 
049 |a TXAM  |c [20011] 
050 0 |a TA157  |b .S85 
092 |a 620  |b S971y 
100 1 |a Swain, George Fillmore,  |d 1857-1931. 
245 1 4 |a The young man and civil engineering /  |c by George Fillmore Swain... 
264 1 |a New York :  |b Macmillan Co.,  |c 1922. 
300 |a xi pages, 1 ., 203p. ;  |c 20cm. 
336 |a text  |b txt  |2 rdacontent 
337 |a unmediated  |b n  |2 rdamedia 
338 |a volume  |b nc  |2 rdacarrier 
490 1 |a Vocational series 
650 0 |a Civil engineering. 
830 0 |a Vocational series. 
999 |a MARS 
999 f f |s 2258df20-168e-341c-ad54-27fbf067cc6f  |i 7a4c6d57-211f-3386-98e9-fd2402de0c33  |t 0 
952 f f |p ric  |a Texas A&M University  |b Rellis Campus  |c Joint Library Facility  |d Remote Storage  |t 0  |e TA157 .S85  |h Library of Congress classification  |i unmediated -- volume  |m A14801031687 
998 f f |a TA157 .S85  |t 0  |l Remote Storage